MARC details
| 000 -LEADER |
| fixed length control field |
04755cam a22006015i 4500 |
| 001 - CONTROL NUMBER |
| control field |
data |
| 005 - DATE AND TIME OF LATEST TRANSACTION |
| control field |
20260322212117.0 |
| 006 - FIXED-LENGTH DATA ELEMENTS--ADDITIONAL MATERIAL CHARACTERISTICS |
| fixed length control field |
data |
| 007 - PHYSICAL DESCRIPTION FIXED FIELD--GENERAL INFORMATION |
| fixed length control field |
data |
| 008 - FIXED-LENGTH DATA ELEMENTS--GENERAL INFORMATION |
| fixed length control field |
data |
| 035 ## - SYSTEM CONTROL NUMBER |
| System control number |
21937740 |
| 010 ## - LIBRARY OF CONGRESS CONTROL NUMBER |
| LC control number |
2019768749 |
| 020 ## - INTERNATIONAL STANDARD BOOK NUMBER |
| International Standard Book Number |
9781137585202 |
| 024 7# - OTHER STANDARD IDENTIFIER |
| Standard number or code |
10.1057/978-1-137-58520-2 |
| Source of number or code |
doi |
| 035 ## - SYSTEM CONTROL NUMBER |
| System control number |
(DE-He213)978-1-137-58520-2 |
| 040 ## - CATALOGING SOURCE |
| Original cataloging agency |
DLC |
| Language of cataloging |
eng |
| Description conventions |
rda |
| -- |
rda |
| Transcribing agency |
DLC |
| 072 #7 - SUBJECT CATEGORY CODE |
| Subject category code |
HBTB |
| Source |
bicssc |
| 072 #7 - SUBJECT CATEGORY CODE |
| Subject category code |
HIS054000 |
| Source |
bisacsh |
| 072 #7 - SUBJECT CATEGORY CODE |
| Subject category code |
NHTB |
| Source |
thema |
| 082 04 - DEWEY DECIMAL CLASSIFICATION NUMBER |
| Classification number |
306.09 |
| Edition information |
23 |
| 097 00 - |
| -- |
CB3-481 |
| 245 00 - TITLE STATEMENT |
| Title |
Fairies, Demons, and Nature Spirits : |
| Remainder of title |
'Small Gods' at the Margins of Christendom / |
| Statement of responsibility, etc. |
edited by Michael Ostling. |
| 250 ## - EDITION STATEMENT |
| Edition statement |
1st ed. 2018. |
| 264 #1 - PRODUCTION, PUBLICATION, DISTRIBUTION, MANUFACTURE, AND COPYRIGHT NOTICE |
| Place of production, publication, distribution, manufacture |
London : |
| Name of producer, publisher, distributor, manufacturer |
Imprint: Palgrave Macmillan, |
| -- |
Imprint: Palgrave Macmillan, |
| Date of production, publication, distribution, manufacture, or copyright notice |
2018. |
| 300 ## - PHYSICAL DESCRIPTION |
| Extent |
1 online resource (XV, 366 pages 4 illustrations) |
| 336 ## - CONTENT TYPE |
| Content type term |
text |
| Content type code |
txt |
| Source |
rdacontent |
| 337 ## - MEDIA TYPE |
| Media type term |
computer |
| Media type code |
c |
| Source |
rdamedia |
| 338 ## - CARRIER TYPE |
| Carrier type term |
online resource |
| Carrier type code |
cr |
| Source |
rdacarrier |
| 347 ## - DIGITAL FILE CHARACTERISTICS |
| File type |
text file |
| Encoding format |
PDF |
| Source |
rda |
| 490 1# - SERIES STATEMENT |
| Series statement |
Palgrave Historical Studies in Witchcraft and Magic |
| 505 0# - FORMATTED CONTENTS NOTE |
| Formatted contents note |
1. Introduction: Where've all the Good People Gone?; Michael Ostling -- Part I: Demonization and its Discontents -- 2. The Threat of Headless Beings: Constructing the Demonic in Christian Egypt; David Frankfurter -- 3. Secrets of the Síd: The Supernatural in Medieval Irish Texts; Lisa Bitel -- 4. The Good, the Bad, and the Unholy: Ambivalent Angels in the Middle Ages; Coree Newman -- 5. Between Fallen Angels and Nature Spirits: Russian Demonology of the Early Modern Period; Dmitriy Antonov -- 6. Crisis at the Border: Amazonian Relations with Spirits and Others; Artionka Capiberibe -- Part II: Enlightenment and Its Ambiguities -- 7. Between Humans and Angels: Scientific Uses for Fairies in Early Modern Scotland; Julian Goodare -- 8. The Álfar, the Clerics, and the Enlightenment: Conceptions of the Supernatural in the Age of Reason in Iceland; Terry Gunnell -- 9. The Devil and the Spirit World In Nineteenth-Century Estonia: From Christianization to Folklorization; Ülo Valk -- 10. Dreaming of Snakes in Contemporary Zambia: Small Gods and the Secular; Johanneke Kroesbergen-Kamps -- Part III: Remnants, Relocations, and Re-Enchantments -- 11. Small Gods, Small Demons. Remnants of an Archaic fairy Cult in Central and South-Eastern Europe; Éva Pócs -- 12. Who Owns the World? Recognizing the Repressed Small Gods of Southeast Asia; Lorraine V. Aragon -- 13. Spirits, Christians and Capitalists in the Rainforests of Papua New Guinea; Michael Wood -- 14. "Reconnecting to Everything:" Fairies in Contemporary Paganism; Sabina Magliocco -- 15. Afterword; Ronald Hutton. |
| 520 ## - SUMMARY, ETC. |
| Summary, etc. |
This book examines the fairies, demons, and nature spirits haunting the margins of Christendom from late-antique Egypt to early modern Scotland to contemporary Amazonia. Contributions from anthropologists, folklorists, historians and religionists explore Christian strategies of encompassment and marginalization, and the 'small gods' undisciplined tendency to evade such efforts at exorcism. Lurking in forest or fairy-mound, chuckling in dark corners of the home or of the demoniac's body, the small gods both define and disturb the borders of a religion that is endlessly syncretistic and in endless, active denial of its own syncretism. The book will be of interest to students of folklore, indigenous Christianity, the history of science, and comparative religion. |
| 588 ## - SOURCE OF DESCRIPTION NOTE |
| Source of description note |
Description based on publisher-supplied MARC data. |
| 650 #0 - SUBJECT ADDED ENTRY--TOPICAL TERM |
| Topical term or geographic name entry element |
Civilization |
| General subdivision |
History. |
| 650 #0 - SUBJECT ADDED ENTRY--TOPICAL TERM |
| Topical term or geographic name entry element |
History. |
| 650 #0 - SUBJECT ADDED ENTRY--TOPICAL TERM |
| Topical term or geographic name entry element |
Religion |
| General subdivision |
History. |
| 650 #0 - SUBJECT ADDED ENTRY--TOPICAL TERM |
| Topical term or geographic name entry element |
Social history. |
| 650 #0 - SUBJECT ADDED ENTRY--TOPICAL TERM |
| Topical term or geographic name entry element |
World history. |
| 650 14 - SUBJECT ADDED ENTRY--TOPICAL TERM |
| Topical term or geographic name entry element |
Cultural History. |
| Authority record control number or standard number |
https://scigraph.springernature.com/ontologies/product-market-codes/723000 |
| 650 24 - SUBJECT ADDED ENTRY--TOPICAL TERM |
| Topical term or geographic name entry element |
History of Religion. |
| Authority record control number or standard number |
https://scigraph.springernature.com/ontologies/product-market-codes/1A7000 |
| 650 24 - SUBJECT ADDED ENTRY--TOPICAL TERM |
| Topical term or geographic name entry element |
History of Science. |
| Authority record control number or standard number |
https://scigraph.springernature.com/ontologies/product-market-codes/731000 |
| 650 24 - SUBJECT ADDED ENTRY--TOPICAL TERM |
| Topical term or geographic name entry element |
Social History. |
| Authority record control number or standard number |
https://scigraph.springernature.com/ontologies/product-market-codes/724000 |
| 650 24 - SUBJECT ADDED ENTRY--TOPICAL TERM |
| Topical term or geographic name entry element |
World History, Global and Transnational History. |
| Authority record control number or standard number |
https://scigraph.springernature.com/ontologies/product-market-codes/719000 |
| 700 1# - ADDED ENTRY--PERSONAL NAME |
| Personal name |
Ostling, Michael, |
| Relator term |
editor. |
| 776 08 - ADDITIONAL PHYSICAL FORM ENTRY |
| Relationship information |
Print version: |
| Title |
Fairies, demons and nature spirits. |
| International Standard Book Number |
9781137585196 |
| Record control number |
(DLC) 2017944566 |
| 776 08 - ADDITIONAL PHYSICAL FORM ENTRY |
| Relationship information |
Printed edition: |
| International Standard Book Number |
9781137585196 |
| 776 08 - ADDITIONAL PHYSICAL FORM ENTRY |
| Relationship information |
Printed edition: |
| International Standard Book Number |
9781349844135 |
| 776 08 - ADDITIONAL PHYSICAL FORM ENTRY |
| Relationship information |
Printed edition: |
| International Standard Book Number |
9781349844142 |
| 830 #0 - SERIES ADDED ENTRY--UNIFORM TITLE |
| Uniform title |
Palgrave Historical Studies in Witchcraft and Magic |
| 906 ## - LOCAL DATA ELEMENT F, LDF (RLIN) |
| a |
0 |
| b |
ibc |
| c |
origres |
| d |
u |
| e |
ncip |
| f |
20 |
| g |
y-gencatlg |
| 925 0# - |
| -- |
acquire |
| -- |
pcnspringer |
| -- |
policy default |
| 985 ## - |
| -- |
springerpcn |
| -- |
batch8 |